[Event "SK Sodingen/Castrop 3 - SW Oberhausen 1"]
[Site "Verbandsklasse - Gr. 2 2019/2"]
[Date "2020.03.01"]
[Round "7.4"]
[White "Kowalczyk, Frank"]
[Black "Kuckelkorn, Joerg"]
[Result "0-1"]
[WhiteElo "1754"]
[BlackElo "1887"]
[PlyCount "120"]
[EventDate "2020.??.??"]
[WhiteTeam "SK Sodingen/Castrop 3"]
[BlackTeam "SW Oberhausen 1"]

1. e4 c5 2. Nf3 d6 3. d4 cxd4 4. Nxd4 Nf6 5. Nc3 a6 6. Be3 e5 7. Nb3 Be7 8. f3
Be6 9. Qd2 O-O 10. O-O-O Nbd7 11. Qf2 b5 12. g4 Rb8 13. h4 Nb6 14. Kb1 Qc7 15.
h5 b4 16. Ne2 Nc4 17. Bc1 Rfc8 18. Ng3 a5 19. Bd3 a4 20. Na1 Na3+ 21. bxa3
bxa3+ 22. Nb3 d5 23. g5 dxe4 24. gxf6 exd3 25. Rxd3 axb3 26. cxb3 Bxf6 27. Ne4
Be7 28. Be3 Bf5 29. Rc1 Qb7 30. Rf1 Rc6 31. Rc1 Rbc8 32. Rxc6 Qxc6 33. Qg2 Rd8
34. Qc2 Bxe4 35. fxe4 Qxc2+ 36. Kxc2 Rxd3 37. Kxd3 g6 38. h6 f5 39. exf5 gxf5
40. Kc4 Kf7 41. b4 f4 42. Bc1 f3 43. Be3 Bg5 44. Bf2 Ke6 45. b5 e4 46. Kd4 Kf5
47. b6 Bd8 48. b7 Bc7 49. Be3 Bb8 50. Kd5 Kg4 51. Kxe4 Kg3 52. Kd3 Kg2 53. Kc3
f2 54. Bxf2 Kxf2 55. Kb3 Bd6 56. b8=Q Bxb8 57. Kxa3 Bf4 58. Kb3 Bxh6 59. Kc3
Be3 60. Kd3 Kf3 0-1

[Event "SK Sodingen/Castrop 3 - SW Oberhausen 1"]
[Site "Verbandsklasse - Gr. 2 2019/2"]
[Date "2020.03.01"]
[Round "7.5"]
[White "Matthes, Severin Johannes"]
[Black "Mueller-Kreth, Kai"]
[Result "1-0"]
[WhiteElo "1847"]
[BlackElo "1744"]
[PlyCount "73"]
[EventDate "2020.??.??"]
[WhiteTeam "SW Oberhausen 1"]
[BlackTeam "SK Sodingen/Castrop 3"]

1. d4 d5 2. c4 c6 3. e3 Nf6 4. Nf3 Bg4 5. Qb3 Qb6 6. Nc3 Qxb3 7. axb3 e6 8. Bd3
Nbd7 9. O-O Be7 10. Ne1 O-O 11. f3 Bh5 12. e4 dxe4 13. Nxe4 Bg6 14. Kh1 Rfd8
15. Be3 b6 16. Nc3 Bxd3 17. Nxd3 Bd6 18. f4 Ng4 19. Bg1 f6 20. Ne4 Bc7 21. Nb4
Nb8 22. f5 exf5 23. Rxf5 Re8 24. Re1 a5 25. Nd3 Nd7 26. b4 g6 27. Rff1 Kg7 28.
h3 Nh6 29. g4 Nf7 30. d5 cxd5 31. cxd5 axb4 32. Bd4 Nfe5 33. Nf4 Bb8 34. Ne6+
Kh6 35. Be3+ g5 36. Nxf6 Nxf6 37. Rxf6+ 1-0

[Event "SK Sodingen/Castrop 3 - SW Oberhausen 1"]
[Site "Verbandsklasse - Gr. 2 2019/2"]
[Date "2020.03.01"]
[Round "7.6"]
[White "Tenschert, Hartmut"]
[Black "Kyas, Jens-Stefan"]
[Result "1-0"]
[WhiteElo "1746"]
[BlackElo "1834"]
[PlyCount "103"]
[EventDate "2020.??.??"]
[WhiteTeam "SK Sodingen/Castrop 3"]
[BlackTeam "SW Oberhausen 1"]

1. d4 f5 2. Nf3 Nf6 3. g3 e6 4. Bg2 d5 5. O-O c6 6. Nbd2 Bd6 7. e3 O-O 8. c4
Nbd7 9. c5 Bc7 10. b4 Qe7 11. Bb2 e5 12. dxe5 Nxe5 13. Nxe5 Bxe5 14. Bxe5 Qxe5
15. Nf3 Qe7 16. Nd4 Ne4 17. Qc2 Bd7 18. a4 a6 19. Rfe1 Rae8 20. Rab1 Rf6 21. b5
axb5 22. axb5 Nxc5 23. bxc6 bxc6 24. Rb6 Rc8 25. Reb1 Ne4 26. Ne2 Qe5 27. R1b2
c5 28. Rb7 Bc6 29. R7b6 Bd7 30. Rb7 Rf7 31. Nf4 g5 32. Nd3 Qc3 33. Qe2 Be6 34.
R7b6 c4 35. Ne1 Nc5 36. Nf3 Re8 37. Nxg5 Qc1+ 38. Bf1 Na4 39. Rb1 Qa3 40. Ra6
Rf6 41. Qh5 Qe7 42. Rxa4 h6 43. Nxe6 Qxe6 44. Qd1 Re7 45. Qd4 Rd7 46. Rab4 Rf8
47. Bg2 Rc8 48. Qc3 Rc5 49. Rb8+ Kf7 50. Qh8 Rc6 51. Rf8+ Kg6 52. Rg8+ 1-0

[Event "SK Sodingen/Castrop 3 - SW Oberhausen 1"]
[Site "Verbandsklasse - Gr. 2 2019/2"]
[Date "2020.03.01"]
[Round "7.8"]
[White "Zygan, Michael"]
[Black "Matthies, Jochen"]
[Result "1/2-1/2"]
[WhiteElo "1709"]
[BlackElo "1766"]
[Annotator "Daniel"]
[PlyCount "58"]
[EventDate "2020.??.??"]
[WhiteTeam "SK Sodingen/Castrop 3"]
[BlackTeam "SW Oberhausen 1"]

1. d4 d5 2. c4 c6 3. Nc3 Nf6 4. Nf3 dxc4 5. a4 Bf5 6. e3 e6 7. Bxc4 Be7 8. O-O
O-O 9. Qe2 Ne4 10. Nd2 Nxd2 11. Bxd2 h6 12. e4 Bg6 13. Be3 Nd7 14. Rfd1 Bb4 15.
f3 Qe7 16. Rac1 Rfe8 17. Qf2 Ba5 18. Bf4 Bb6 19. Qg3 Nf6 20. Bd6 Qd7 21. e5 Nd5
22. Nxd5 exd5 23. Bb3 Qe6 24. f4 Be4 25. Bc5 $11 Bxc5 26. Rxc5 Qf5 27. h3 Re6
28. Rd2 Rg6 29. Qe3 Qd7 1/2-1/2

[Event "SC Mülheim 1 - SG Bochum 3"]
[Site "Verbandsklasse - Gr. 2 2019/2"]
[Date "2020.03.01"]
[Round "7.1"]
[White "Fistoul, Boris"]
[Black "Langschmidt, Dirk"]
[Result "1-0"]
[WhiteElo "2077"]
[BlackElo "2013"]
[PlyCount "99"]
[EventDate "2020.??.??"]
[WhiteTeam "SG Bochum 3"]
[BlackTeam "SC Mülheim 1"]

1. d4 d5 2. c4 c6 3. Nc3 Nf6 4. Nf3 e6 5. e3 Nbd7 6. Qc2 Bd6 7. b3 O-O 8. Be2
Re8 9. O-O dxc4 10. Bxc4 Qc7 11. e4 e5 12. Ng5 Re7 13. f4 exd4 14. Ne2 Bc5 15.
Kh1 h6 16. e5 hxg5 17. exf6 Nxf6 18. fxg5 Ng4 19. Bf4 Qb6 20. g6 Be6 21. gxf7+
Bxf7 22. Bg5 Qc7 23. Ng3 Bd5 24. Bxd5+ cxd5 25. Bxe7 Qxe7 26. Qg6 Qh4 27. h3
Qxg3 28. Qxg4 Qxg4 29. hxg4 Bb4 30. Rad1 Bc3 31. Rf5 Rd8 32. Rd3 Rd6 33. g5 Kh7
34. Rf7 Ra6 35. Rxb7 Rxa2 36. Rd7 a5 37. Rd6 Rf2 38. Rh3+ Kg8 39. g6 Rf1+ 40.
Kh2 Kf8 41. Rd7 Ke8 42. Rxg7 Bb4 43. Rd3 Bd6+ 44. Kh3 Be5 45. Rg8+ Ke7 46. Ra8
Rh1+ 47. Kg4 Kf6 48. Ra6+ Ke7 49. Rf3 Bf6 50. Rfxf6 1-0

[Event "SC Mülheim 1 - SG Bochum 3"]
[Site "Verbandsklasse - Gr. 2 2019/2"]
[Date "2020.03.01"]
[Round "7.2"]
[White "Riese, Manfred"]
[Black "Finke, Dominik"]
[Result "1-0"]
[WhiteElo "1863"]
[BlackElo "1968"]
[PlyCount "37"]
[EventDate "2020.??.??"]
[WhiteTeam "SC Mülheim 1"]
[BlackTeam "SG Bochum 3"]

1. c4 Nf6 2. g3 e6 3. Bg2 d5 4. Nf3 Be7 5. O-O O-O 6. b3 b6 7. Bb2 Bb7 8. d3
Nbd7 9. Nbd2 c5 10. e3 Re8 11. Qc2 Bf8 12. Rfe1 e5 13. cxd5 Nxd5 14. a3 Rc8 15.
e4 Nc7 16. Nc4 Qe7 17. Ncxe5 Nxe5 18. Nxe5 Ne6 19. Nc4 1-0

[Event "SC Mülheim 1 - SG Bochum 3"]
[Site "Verbandsklasse - Gr. 2 2019/2"]
[Date "2020.03.01"]
[Round "7.4"]
[White "Straenger, Petra"]
[Black "Fistoul, Michail"]
[Result "0-1"]
[WhiteElo "1795"]
[BlackElo "1950"]
[PlyCount "52"]
[EventDate "2020.??.??"]
[WhiteTeam "SC Mülheim 1"]
[BlackTeam "SG Bochum 3"]

1. d4 e6 2. Nf3 f5 3. c4 Nf6 4. Nc3 d5 5. Bf4 c6 6. c5 Be7 7. e3 O-O 8. Bd3 Ne4
9. Qc2 Nd7 10. Ne5 Bf6 11. Nxd7 Bxd7 12. h3 Qe8 13. Bxe4 fxe4 14. Bg3 e5 15.
dxe5 Bxe5 16. Bxe5 Qxe5 17. Ne2 Qg5 18. Ng3 Qe7 19. O-O Rf6 20. Qb3 Be6 21. Qc3
Raf8 22. Rad1 Rh6 23. b4 Qh4 24. Qe5 Bxh3 25. f3 Bxg2 26. Nf5 Rxf5 0-1

[Event "SC Mülheim 1 - SG Bochum 3"]
[Site "Verbandsklasse - Gr. 2 2019/2"]
[Date "2020.03.01"]
[Round "7.5"]
[White "Gluma, Christian"]
[Black "Riek, Wolfgang"]
[Result "1-0"]
[WhiteElo "1842"]
[BlackElo "1733"]
[PlyCount "53"]
[EventDate "2020.??.??"]
[WhiteTeam "SG Bochum 3"]
[BlackTeam "SC Mülheim 1"]

1. e4 c5 2. Nf3 d6 3. d4 cxd4 4. Nxd4 Nf6 5. Nc3 a6 6. Bg5 e6 7. f4 Be7 8. Qf3
e5 9. fxe5 dxe5 10. Nf5 Bxf5 11. exf5 Nc6 12. Bd3 O-O 13. O-O-O Qa5 14. h4 h6
15. Kb1 Nd4 16. Qe3 Ng4 17. Qg3 Nf6 18. Bxh6 Nh5 19. Qg4 Rfc8 20. Ne4 Kf8 21.
Bd2 Qb6 22. Qxh5 Ba3 23. Bc1 f6 24. Rh3 Nb5 25. Bxb5 Qxb5 26. Rxa3 Qc4 27. Qh8+
1-0

[Event "SC Mülheim 1 - SG Bochum 3"]
[Site "Verbandsklasse - Gr. 2 2019/2"]
[Date "2020.03.01"]
[Round "7.6"]
[White "Wisotzky, Klaus"]
[Black "Prieb, Robert"]
[Result "1/2-1/2"]
[WhiteElo "1657"]
[BlackElo "1897"]
[PlyCount "94"]
[EventDate "2020.??.??"]
[WhiteTeam "SC Mülheim 1"]
[BlackTeam "SG Bochum 3"]

1. d4 Nf6 2. Bg5 e6 3. Nd2 d5 4. e3 Be7 5. Bd3 h6 6. Bh4 O-O 7. c3 c5 8. f4 Nc6
9. Ngf3 b6 10. Ne5 Bb7 11. Qf3 Ne4 12. Bxe7 Nxd2 13. Bxd8 Nxf3+ 14. Nxf3 Rfxd8
15. Kf2 c4 16. Bc2 b5 17. a3 a5 18. e4 b4 19. exd5 exd5 20. Ne5 bxc3 21. bxc3
f6 22. Nxc6 Bxc6 23. Rab1 Rab8 24. Rxb8 Rxb8 25. Rb1 Rxb1 26. Bxb1 Ba4 27. Bg6
Kf8 28. g4 Ke7 29. Ke1 Kd6 30. Kd2 Bd7 31. f5 Kc7 32. Kc2 Ba4+ 33. Kb2 Bd1 34.
h3 Bf3 35. Bh5 Kd6 36. Bg6 Bg2 37. h4 Bf3 38. Bh5 Ke7 39. Kc1 g5 40. hxg5 hxg5
41. Kb2 Kf8 42. Kc1 Kg7 43. Kd2 Kh6 44. Ke3 Be4 45. Bf7 Kg7 46. Be8 Kf8 47. Bh5
Ke7 1/2-1/2

[Event "SC Mülheim 1 - SG Bochum 3"]
[Site "Verbandsklasse - Gr. 2 2019/2"]
[Date "2020.03.01"]
[Round "7.7"]
[White "Walny, Benjamin"]
[Black "Achenbach, Volker"]
[Result "0-1"]
[WhiteElo "1772"]
[BlackElo "2240"]
[PlyCount "94"]
[EventDate "2020.??.??"]
[WhiteTeam "SG Bochum 3"]
[BlackTeam "SC Mülheim 1"]

1. e4 c5 2. Nf3 e6 3. c4 Nc6 4. d4 cxd4 5. Nxd4 Nf6 6. Nc3 Bb4 7. f3 O-O 8. Qd3
d5 9. Nxc6 bxc6 10. e5 Nd7 11. f4 Nc5 12. Qd4 Ne4 13. cxd5 Qh4+ 14. g3 Nxg3 15.
Qf2 Nf5 16. Qxh4 Nxh4 17. d6 f6 18. Be3 fxe5 19. O-O-O Nf5 20. d7 Bb7 21. Bxa7
c5 22. Rg1 Nd4 23. Bb6 exf4 24. a3 Ba5 25. Bxc5 Nb3+ 26. Kc2 Nxc5 27. b4 Bb6
28. bxc5 Bxc5 29. Rg5 Be7 30. Re5 Bf3 31. Rd2 Bg4 32. a4 Bf6 33. Rb5 Rfd8 34.
Rb4 Bf5+ 35. Kb3 Ra7 36. Bb5 e5 37. Ne4 Be6+ 38. Bc4 Bxc4+ 39. Rxc4 Rdxd7 40.
Nxf6+ gxf6 41. Rf2 Kf7 42. Rb4 Ke6 43. h3 Kf5 44. Rf3 Rab7 45. a5 e4 46. Rf1
Rxb4+ 47. Kxb4 e3 0-1

[Event "SC Mülheim 1 - SG Bochum 3"]
[Site "Verbandsklasse - Gr. 2 2019/2"]
[Date "2020.03.01"]
[Round "7.8"]
[White "Kucki, Hermann"]
[Black "Stachnik, Adam"]
[Result "0-1"]
[WhiteElo "1691"]
[BlackElo "1801"]
[PlyCount "54"]
[EventDate "2020.??.??"]
[WhiteTeam "SC Mülheim 1"]
[BlackTeam "SG Bochum 3"]

1. d4 Nf6 2. c4 c5 3. d5 b5 4. cxb5 a6 5. bxa6 Bxa6 6. Nc3 g6 7. g3 d6 8. Bg2
Bg7 9. e4 Nbd7 10. Nge2 O-O 11. Nf4 Ne5 12. Bf1 Bxf1 13. Kxf1 Qb6 14. Kg2 Rfb8
15. Nd3 Nfg4 16. Nxe5 Nxe5 17. Qc2 c4 18. Rb1 Nd3 19. Be3 Qb4 20. a3 Qb3 21.
Qxb3 Rxb3 22. Rhd1 Nxb2 23. Rxb2 Rxb2 24. Nb1 Rc2 25. Kf3 c3 26. Rc1 Rxc1 27.
Bxc1 Rb8 0-1

[Event "SV Hamm 1 - SV Wattenscheid 3"]
[Site "Verbandsklasse - Gr. 2 2019/2"]
[Date "2020.03.01"]
[Round "7.1"]
[White "Voß, Wieland"]
[Black "Voss, Hubertus"]
[Result "0-1"]
[WhiteElo "2112"]
[BlackElo "2068"]
[PlyCount "82"]
[EventDate "2020.??.??"]
[WhiteTeam "SV Wattenscheid 3"]
[BlackTeam "SV Hamm 1"]

1. e4 c6 2. d4 d5 3. Nc3 dxe4 4. Nxe4 Nf6 5. Nxf6+ exf6 6. Bc4 Qe7+ 7. Qe2
Qxe2+ 8. Nxe2 Be6 9. Bd3 Bd6 10. Nf4 Nd7 11. O-O O-O 12. Re1 Rfe8 13. Bd2 Rad8
14. Nxe6 fxe6 15. Re4 Re7 16. Rae1 Rde8 17. Bc4 Nf8 18. f4 Kh8 19. g3 g6 20.
Kg2 Kg7 21. Kf3 h6 22. Bb3 Kh7 23. c4 Kg7 24. c5 Bb8 25. f5 gxf5 26. Rh4 e5 27.
Bxh6+ Kg6 28. d5 cxd5 29. Bxd5 Ne6 30. Be3 Ng5+ 31. Ke2 f4 32. Bf2 Rd8 33. Rd1
Red7 34. gxf4 exf4 35. Bb3 Be5 36. Rxd7 Rxd7 37. Ba4 Re7 38. Kd3 Bxb2 39. Rxf4
Nh3 40. Rg4+ Kf5 41. Rg2 Nf4+ 0-1

[Event "SV Hamm 1 - SV Wattenscheid 3"]
[Site "Verbandsklasse - Gr. 2 2019/2"]
[Date "2020.03.01"]
[Round "7.2"]
[White "Schlaap, Ralf"]
[Black "Leveikina, Jevgenija"]
[Result "1/2-1/2"]
[WhiteElo "2070"]
[BlackElo "2020"]
[PlyCount "25"]
[EventDate "2020.??.??"]
[WhiteTeam "SV Hamm 1"]
[BlackTeam "SV Wattenscheid 3"]

1. d4 d5 2. c4 c6 3. cxd5 cxd5 4. Nc3 Nf6 5. Nf3 Nc6 6. Bf4 Bf5 7. e3 e6 8. Qb3
Bb4 9. h3 O-O 10. Be2 Qb6 11. O-O Na5 12. Qa4 Rfc8 13. Rfc1 1/2-1/2

[Event "SV Hamm 1 - SV Wattenscheid 3"]
[Site "Verbandsklasse - Gr. 2 2019/2"]
[Date "2020.03.01"]
[Round "7.3"]
[White "Dick, Matthias"]
[Black "Hufelschulte, Norbert"]
[Result "1/2-1/2"]
[WhiteElo "1994"]
[BlackElo "2005"]
[PlyCount "31"]
[EventDate "2020.??.??"]
[WhiteTeam "SV Wattenscheid 3"]
[BlackTeam "SV Hamm 1"]

1. Nf3 Nf6 2. g3 g6 3. Bg2 Bg7 4. d4 d5 5. O-O O-O 6. c4 c6 7. Nbd2 Ne4 8. e3
Bf5 9. Qb3 Qb6 10. Qxb6 axb6 11. cxd5 cxd5 12. Nh4 Nc6 13. Nxf5 gxf5 14. Nxe4
fxe4 15. Bd2 Rfc8 16. f3 1/2-1/2

[Event "SV Hamm 1 - SV Wattenscheid 3"]
[Site "Verbandsklasse - Gr. 2 2019/2"]
[Date "2020.03.01"]
[Round "7.4"]
[White "Dukic, Dalibor"]
[Black "Wolf, Ulrich"]
[Result "1/2-1/2"]
[WhiteElo "2006"]
[BlackElo "1983"]
[PlyCount "30"]
[EventDate "2020.??.??"]
[WhiteTeam "SV Hamm 1"]
[BlackTeam "SV Wattenscheid 3"]

1. c4 c5 2. Nf3 b6 3. Nc3 Bb7 4. g3 e6 5. Bg2 Nf6 6. d3 a6 7. e4 d6 8. O-O Nc6
9. b3 Be7 10. Bb2 e5 11. Nh4 Nd4 12. Bh3 Bc8 13. Bxc8 Rxc8 14. Ng2 Qd7 15. Ne3
O-O 1/2-1/2

[Event "SV Hamm 1 - SV Wattenscheid 3"]
[Site "Verbandsklasse - Gr. 2 2019/2"]
[Date "2020.03.01"]
[Round "7.5"]
[White "Thelen, Thomas"]
[Black "Woertler, Lars-Erik"]
[Result "1/2-1/2"]
[WhiteElo "2019"]
[BlackElo "1902"]
[PlyCount "34"]
[EventDate "2020.??.??"]
[WhiteTeam "SV Wattenscheid 3"]
[BlackTeam "SV Hamm 1"]

1. d4 Nf6 2. c4 c5 3. d5 e5 4. Nc3 d6 5. e4 Nbd7 6. Bd3 a6 7. a4 g6 8. Nge2 Bg7
9. Ng3 Qe7 10. O-O O-O 11. Be3 h6 12. f3 Kh7 13. Qd2 Rb8 14. Nh1 Ng8 15. Ng3
Ngf6 16. Nh1 Ng8 17. Ng3 Ngf6 1/2-1/2

[Event "SV Hamm 1 - SV Wattenscheid 3"]
[Site "Verbandsklasse - Gr. 2 2019/2"]
[Date "2020.03.01"]
[Round "7.6"]
[White "Brieger, Sebastian"]
[Black "Meyer, Juergen"]
[Result "1-0"]
[WhiteElo "1775"]
[BlackElo "1865"]
[PlyCount "59"]
[EventDate "2020.??.??"]
[WhiteTeam "SV Hamm 1"]
[BlackTeam "SV Wattenscheid 3"]

1. e4 c5 2. c3 Nf6 3. e5 Nd5 4. Nf3 e6 5. Bc4 Be7 6. O-O O-O 7. d4 d6 8. Qe2
Nc6 9. Qe4 dxe5 10. dxe5 f5 11. exf6 Nxf6 12. Bxe6+ Kh8 13. Qe2 Bxe6 14. Qxe6
Qc7 15. Be3 Rae8 16. Nbd2 Bd6 17. Qh3 Ne5 18. Nxe5 Rxe5 19. f4 Rh5 20. Qf3 Qf7
21. Ne4 Nxe4 22. Qxe4 Re8 23. Qf3 g5 24. Rad1 Re6 25. g3 Qe8 26. fxg5 Rxe3 27.
Qf6+ Kg8 28. Rxd6 Rxg3+ 29. hxg3 Qe3+ 30. Qf2 1-0

[Event "SV Hamm 1 - SV Wattenscheid 3"]
[Site "Verbandsklasse - Gr. 2 2019/2"]
[Date "2020.03.01"]
[Round "7.7"]
[White "Doehmann, Joerg"]
[Black "Boelling, Andreas"]
[Result "1/2-1/2"]
[WhiteElo "1768"]
[BlackElo "1755"]
[PlyCount "43"]
[EventDate "2020.??.??"]
[WhiteTeam "SV Wattenscheid 3"]
[BlackTeam "SV Hamm 1"]

1. d4 d5 2. Bf4 e6 3. Nf3 c5 4. e3 a6 5. c3 Nc6 6. Bd3 c4 7. Bc2 Bd6 8. Nbd2 f5
9. O-O Nf6 10. Ne5 O-O 11. Ndf3 Qc7 12. a4 Rb8 13. Qe2 Nh5 14. Rfe1 Nxf4 15.
exf4 Bxe5 16. Nxe5 Nxe5 17. Qxe5 Qxe5 18. Rxe5 b5 19. axb5 Rxb5 20. Ra2 Rf7 21.
Re2 Rfb7 22. Bd1 1/2-1/2

[Event "SV Hamm 1 - SV Wattenscheid 3"]
[Site "Verbandsklasse - Gr. 2 2019/2"]
[Date "2020.03.01"]
[Round "7.8"]
[White "Vierbuchen, Joachim"]
[Black "Schlee, Ulrich"]
[Result "1/2-1/2"]
[WhiteElo "1867"]
[BlackElo "1745"]
[PlyCount "30"]
[EventDate "2020.??.??"]
[WhiteTeam "SV Hamm 1"]
[BlackTeam "SV Wattenscheid 3"]

1. d4 d5 2. c4 e5 3. dxe5 d4 4. Nf3 Nc6 5. g3 Nge7 6. Bg2 Ng6 7. Bg5 Qd7 8. O-O
Ngxe5 9. b3 h6 10. Nxe5 Nxe5 11. Bf4 Ng6 12. Qc1 Nxf4 13. Qxf4 c5 14. Bd5 Bd6
15. Qe4+ Qe7 1/2-1/2

[Event "SV Bönen 1 - DJK Wacker Bergeborbeck 1"]
[Site "Verbandsklasse - Gr. 3 2019/2"]
[Date "2020.03.01"]
[Round "7.3"]
[White "Mombeck, Michael"]
[Black "Fuest, Torsten"]
[Result "1/2-1/2"]
[WhiteElo "1980"]
[BlackElo "1888"]
[PlyCount "20"]
[EventDate "2020.??.??"]
[WhiteTeam "DJK Wacker Bergeborbeck 1"]
[BlackTeam "SV Bönen 1"]

1. g3 f5 2. Bg2 Nf6 3. d3 d5 4. Nd2 e6 5. e4 c6 6. e5 Nfd7 7. f4 c5 8. Ngf3 Be7
9. c4 d4 10. Rb1 O-O 1/2-1/2

[Event "SV Bönen 1 - DJK Wacker Bergeborbeck 1"]
[Site "Verbandsklasse - Gr. 3 2019/2"]
[Date "2020.03.01"]
[Round "7.4"]
[White "Merz, Martin"]
[Black "Brandhorst, Dieter"]
[Result "1/2-1/2"]
[WhiteElo "1975"]
[BlackElo "1908"]
[PlyCount "31"]
[EventDate "2020.??.??"]
[WhiteTeam "SV Bönen 1"]
[BlackTeam "DJK Wacker Bergeborbeck 1"]

1. d4 Nf6 2. Bf4 d5 3. e3 c6 4. Nf3 Bg4 5. Be2 e6 6. h3 Bh5 7. Nbd2 Be7 8. O-O
O-O 9. c3 Nbd7 10. Qb3 Qb6 11. Rac1 Qxb3 12. Nxb3 Rac8 13. Rfe1 Rfe8 14. Ne5
Bxe2 15. Rxe2 Nxe5 16. Bxe5 1/2-1/2

[Event "SV Unser Fritz 1 - SG Höntrop 1"]
[Site "Verbandsklasse - Gr. 3 2019/2"]
[Date "2020.03.01"]
[Round "7.1"]
[White "Oberbarnscheidt, Ludger"]
[Black "Rutz, Dirk"]
[Result "1/2-1/2"]
[WhiteElo "1984"]
[BlackElo "2007"]
[PlyCount "37"]
[EventDate "2020.??.??"]
[WhiteTeam "SG Höntrop 1"]
[BlackTeam "SV Unser Fritz 1"]

1. Nf3 Nf6 2. c4 g6 3. Nc3 Bg7 4. e4 O-O 5. d4 d6 6. Be2 c6 7. O-O a6 8. Be3 b5
9. a3 bxc4 10. Bxc4 Nxe4 11. Nxe4 d5 12. Be2 dxe4 13. Ng5 Nd7 14. Nxe4 Rb8 15.
b4 a5 16. Qd2 axb4 17. axb4 Nb6 18. Bf4 e5 19. Bxe5 1/2-1/2

[Event "SV Unser Fritz 1 - SG Höntrop 1"]
[Site "Verbandsklasse - Gr. 3 2019/2"]
[Date "2020.03.01"]
[Round "7.2"]
[White "Mueller, Martin"]
[Black "Rostek, Joerg"]
[Result "1-0"]
[WhiteElo "2014"]
[BlackElo "1893"]
[PlyCount "31"]
[EventDate "2020.??.??"]
[WhiteTeam "SV Unser Fritz 1"]
[BlackTeam "SG Höntrop 1"]

1. e4 c6 2. d4 d5 3. e5 Bf5 4. Nd2 e6 5. Nb3 Nd7 6. Nf3 Bg4 7. Bf4 Qb6 8. a4 a6
9. Be2 Bxf3 10. Bxf3 Ne7 11. O-O Ng6 12. Bg3 Be7 13. Bg4 Nh4 14. a5 Qa7 15.
Bxe6 fxe6 16. Bxh4 1-0

[Event "SV Unser Fritz 1 - SG Höntrop 1"]
[Site "Verbandsklasse - Gr. 3 2019/2"]
[Date "2020.03.01"]
[Round "7.3"]
[White "Peters, Michael"]
[Black "Jungbluth, Michael"]
[Result "0-1"]
[WhiteElo "1965"]
[BlackElo "1999"]
[PlyCount "129"]
[EventDate "2020.??.??"]
[WhiteTeam "SG Höntrop 1"]
[BlackTeam "SV Unser Fritz 1"]

1. d4 Nf6 2. c4 g6 3. Nc3 Bg7 4. e4 d6 5. Be2 O-O 6. g4 c5 7. g5 Nfd7 8. d5 Na6
9. h4 e5 10. h5 Re8 11. Be3 Nc7 12. Qd2 Rb8 13. Nf3 a6 14. Nh2 b5 15. Ng4 bxc4
16. hxg6 fxg6 17. Bxc4 Nb5 18. Nxb5 axb5 19. Be2 b4 20. Kf1 Ra8 21. Kg2 Ba6 22.
a3 Bxe2 23. Qxe2 Qb6 24. axb4 Qxb4 25. Rxa8 Rxa8 26. Bc1 Ra1 27. Bd2 Qxb2 28.
Rxa1 Qxa1 29. Qb5 Nf8 30. Qb7 Qd1 31. Nf6+ Bxf6 32. gxf6 Qg4+ 33. Kf1 Qd7 34.
Qc6 Kf7 35. Bh6 Qxc6 36. dxc6 Ne6 37. Ke1 Nc7 38. Bg5 h6 39. Bxh6 Kxf6 40. Kd2
Ke6 41. Bf8 Nb5 42. Kd3 Na7 43. c7 Kd7 44. Kc4 Kxc7 45. Kd5 Nb5 46. Kc4 Kc6 47.
Bh6 Nc7 48. Bg7 Ne6 49. Bf6 Nf4 50. Bg5 Nh3 51. Be3 Kd7 52. Kb5 Ke6 53. Kc6 Ng1
54. f4 Nf3 55. f5+ gxf5 56. exf5+ Kxf5 57. Kxd6 c4 58. Kd5 c3 59. Kc4 Ke4 60.
Bh6 c2 61. Kc3 Nd4 62. Kd2 Kd5 63. Bg7 e4 64. Bh6 Kc4 65. Bg5 0-1

[Event "SV Unser Fritz 1 - SG Höntrop 1"]
[Site "Verbandsklasse - Gr. 3 2019/2"]
[Date "2020.03.01"]
[Round "7.4"]
[White "Distelrath, Oliver"]
[Black "Barth, Hans-Joachim"]
[Result "0-1"]
[WhiteElo "1872"]
[BlackElo "1675"]
[PlyCount "102"]
[EventDate "2020.??.??"]
[WhiteTeam "SV Unser Fritz 1"]
[BlackTeam "SG Höntrop 1"]

1. e4 g6 2. Nc3 Bg7 3. f4 c5 4. Nf3 Nc6 5. d3 d6 6. Be2 Nf6 7. O-O O-O 8. Qe1
Rb8 9. Qh4 e6 10. g4 b5 11. Qg3 b4 12. Nb1 Bb7 13. Nbd2 a5 14. e5 dxe5 15. fxe5
Nd7 16. Nc4 Ndxe5 17. Nfxe5 Nxe5 18. Nxe5 Qd4+ 19. Be3 Qxe5 20. Qxe5 Bxe5 21.
Bxc5 Rfc8 22. d4 Rxc5 23. dxc5 Bd4+ 24. Rf2 Bxc5 25. Kf1 Bxf2 26. Kxf2 Rd8 27.
Rc1 Rd4 28. Ke3 Re4+ 29. Kf2 Bd5 30. b3 Rf4+ 31. Ke3 g5 32. c4 bxc3 33. Rxc3 a4
34. bxa4 Rxa4 35. a3 Kg7 36. Kf2 Kg6 37. Kg3 Kf6 38. Bd3 h6 39. Bb5 Rf4 40. a4
Rb4 41. Rc2 Rb3+ 42. Kf2 Ke5 43. Be2 Rh3 44. a5 Rxh2+ 45. Ke3 Rh3+ 46. Kf2 Ra3
47. a6 Kf4 48. Rc8 f5 49. gxf5 exf5 50. Re8 g4 51. Rh8 g3+ 0-1

[Event "SV Unser Fritz 1 - SG Höntrop 1"]
[Site "Verbandsklasse - Gr. 3 2019/2"]
[Date "2020.03.01"]
[Round "7.5"]
[White "Koch, Burkhard"]
[Black "Tober, Julian"]
[Result "1/2-1/2"]
[WhiteElo "1700"]
[BlackElo "1738"]
[PlyCount "45"]
[EventDate "2020.??.??"]
[WhiteTeam "SG Höntrop 1"]
[BlackTeam "SV Unser Fritz 1"]

1. e4 c5 2. Nc3 g6 3. f4 Nc6 4. Nf3 Bg7 5. d3 e6 6. g3 Nge7 7. Bg2 O-O 8. O-O
d5 9. Rb1 Rb8 10. Bd2 b5 11. Ne2 dxe4 12. dxe4 e5 13. Nxe5 Nxe5 14. fxe5 Bxe5
15. Bf4 Qc7 16. Nc3 Ba6 17. Nd5 Nxd5 18. Qxd5 Bxf4 19. Rxf4 Rbd8 20. Qg5 Bb7
21. Rf6 Kg7 22. Rbf1 h6 23. Qe3 1/2-1/2

[Event "SV Unser Fritz 1 - SG Höntrop 1"]
[Site "Verbandsklasse - Gr. 3 2019/2"]
[Date "2020.03.01"]
[Round "7.6"]
[White "Goessling, Juergen"]
[Black "Remshagen, Peter"]
[Result "1/2-1/2"]
[WhiteElo "1745"]
[BlackElo "1608"]
[PlyCount "80"]
[EventDate "2020.??.??"]
[WhiteTeam "SV Unser Fritz 1"]
[BlackTeam "SG Höntrop 1"]

1. e4 e6 2. d4 d5 3. Nc3 c5 4. Nf3 Nc6 5. Bb5 Qb6 6. exd5 exd5 7. Nxd5 Qd8 8.
dxc5 Be6 9. Nc3 Qxd1+ 10. Nxd1 Bxc5 11. O-O Nge7 12. Be3 Bd6 13. Nc3 O-O 14.
Ne4 Be5 15. Nxe5 Nxe5 16. Bc5 N5g6 17. c3 a6 18. Ba4 Rac8 19. Bb4 a5 20. Bd6
Rc4 21. Nc5 Rc8 22. Nxe6 Rxa4 23. Nd4 Rac4 24. Rfe1 Nd5 25. Rad1 Nf6 26. Bg3 h6
27. Nf5 Ne4 28. Rd7 Nxg3 29. hxg3 R4c7 30. Red1 Ne5 31. Rd8+ Kh7 32. Rxc8 Rxc8
33. Rd5 Re8 34. f3 b6 35. Rb5 Re6 36. Nd4 Re8 37. Rxb6 Nd3 38. g4 Re1+ 39. Kh2
Rd1 40. Rd6 Nxb2 1/2-1/2

[Event "SV Unser Fritz 1 - SG Höntrop 1"]
[Site "Verbandsklasse - Gr. 3 2019/2"]
[Date "2020.03.01"]
[Round "7.7"]
[White "Jedner, Volker"]
[Black "Nowicki, Heiko"]
[Result "1/2-1/2"]
[WhiteElo "1763"]
[BlackElo "1775"]
[PlyCount "59"]
[EventDate "2020.??.??"]
[WhiteTeam "SG Höntrop 1"]
[BlackTeam "SV Unser Fritz 1"]

1. Nf3 g6 2. e4 Bg7 3. d4 d6 4. Nc3 Nc6 5. Bc4 e5 6. dxe5 Nxe5 7. Nxe5 Bxe5 8.
O-O Be6 9. Bxe6 fxe6 10. Qd3 Qf6 11. Nb5 Qg7 12. Qc4 O-O-O 13. Nxa7+ Kb8 14.
Be3 d5 15. exd5 exd5 16. Qb3 Rd6 17. Nb5 Ra6 18. Qxd5 Ne7 19. Qd7 g5 20. f4
gxf4 21. Bxf4 Rg8 22. g3 Rg6 23. Bxe5 Qxe5 24. Rf3 Qc5+ 25. Rf2 Nd5 26. Re1 Ne3
27. Rxe3 Qxe3 28. Qxc7+ Ka8 29. Qa5+ Kb8 30. Qc7+ 1/2-1/2